000 00630cam a2200229 4500
001 32935
003 BD-RjUL
005 20211209051923.0
008 140429s1970 pk b 100 0 eng
035 _a(BD-RjUL)33025
040 _aDLC
_cDLC
_dDLC
_dBD-RjUL
_beng
041 _aeng
082 0 0 _a297.9
_bJAB 1970
100 1 _aJamil, K. M.
_995356
245 1 4 _athe basic doctrines of islam and other ideologies /
_cK. M. Jamil .
260 _aDacca :
_bSyndicate press,
_c1970.
300 _a193 p. ;
_c21 cm.
650 0 _aHistory
_xPhilosophy.
_9100111
942 _2ddc
_cBK
999 _c32935
_d32935